Loading...
Literature - British Literature | 0 | 6 | 0 | 2 | 60 | 104 | 135.83 | 0 | 0 |
Literature - American Literature | 0 | 6 | 3 | 2 | 45 | 102 | 138.00 | 0 | 1 |
Literature - World Literature | 0 | 4 | 1 | 0 | 35 | 95 | 115.75 | 0 | 0 |
Fine Arts - Other Fine Arts | 0 | 3 | 1 | 0 | 25 | 108 | 115.67 | 0 | 0 |
Literature - European Literature | 0 | 3 | 2 | 0 | 20 | 111 | 123.33 | 0 | 0 |
Other Academic | 0 | 2 | 0 | 0 | 20 | 134 | 137.50 | 0 | 0 |
Science - Biology | 0 | 2 | 1 | 1 | 15 | 81 | 111.00 | 0 | 0 |
Mythology | 0 | 2 | 2 | 0 | 10 | 124 | 142.00 | 0 | 0 |
Social Science | 0 | 1 | 0 | 0 | 10 | 141 | 141.00 | 0 | 0 |
History - World History | 0 | 1 | 0 | 1 | 10 | 141 | 141.00 | 0 | 0 |
Fine Arts - Painting & Sculpture | 0 | 1 | 0 | 0 | 10 | 152 | 152.00 | 0 | 0 |
Philosophy | 0 | 1 | 0 | 0 | 10 | 140 | 140.00 | 0 | 0 |
Religion | 0 | 1 | 0 | 0 | 10 | 132 | 132.00 | 0 | 0 |
Science - Other Science | 0 | 1 | 0 | 1 | 10 | 132 | 132.00 | 0 | 0 |
History - Other History | 0 | 1 | 1 | 1 | 5 | 161 | 161.00 | 0 | 0 |
History - European History | 0 | 0 | 1 | 0 | -5 | 0.00 | 0 | 0 | |
Geography | 0 | 0 | 1 | 0 | -5 | 0.00 | 0 | 0 | |
Science - Physics | 0 | 0 | 1 | 0 | -5 | 0.00 | 0 | 0 |